000 00448nam a2200157 i 4500
001 75077
003 ES-MaACL
005 20230906172330.0
007 t|
008 040922s1964 sp ||||1| spa d
100 1 _aGoñi Arregui, Fernando.
_959085
245 1 4 _aLos principios del movimiento discotinuo /
_cFernando Goñi Arregui.
260 _a[Pamplona] :
_bMorea,
_c1964.
300 _a34 p. ;
_c21 cm.
852 _aES-MaACL
_j2040-F-1
_bR.54828
999 _c75077
_d75077